Financial innovation in property markets (Record no. 107891)

MARC details
000 -LEADER
fixed length control field 00912cam a22002175a 4500
001 - CONTROL NUMBER
control field L142482
008 - FIXED-LENGTH DATA ELEMENTS--GENERAL INFORMATION
fixed length control field 080215s2001 xxk f l000 0 eng d
035 ## - SYSTEM CONTROL NUMBER
System control number (Sirsi) u142482
041 0# - LANGUAGE CODE
Language code of text/sound track or separate title eng
100 1# - MAIN ENTRY--PERSONAL NAME
Personal name Lizieri, Colin
245 00 - TITLE STATEMENT
Title Financial innovation in property markets
Remainder of title implications for the City of London, summary report
260 ## - PUBLICATION, DISTRIBUTION, ETC.
Place of publication, distribution, etc. London
Name of publisher, distributor, etc. Corporation of London
Date of publication, distribution, etc. 2001
300 ## - PHYSICAL DESCRIPTION
Extent 11p.
Dimensions 30cm.
520 ## - SUMMARY, ETC.
Summary, etc. Examines the financial effects of institutional leases on the developments of new financial products. Sets out examples of securitisation of property income or assets and discusses the pros and cons of securitisation. Report produced by the Corporation of London in association with the RICS Research Foundation.
521 ## - TARGET AUDIENCE NOTE
Target audience note Advanced
651 #4 - SUBJECT ADDED ENTRY--GEOGRAPHIC NAME
Geographic name United Kingdom
Chronological subdivision
690 ## - LOCAL SUBJECT ADDED ENTRY--TOPICAL TERM (OCLC, RLIN)
Topical term or geographic name as entry element PROPERTY-PROPERTY MARKET
700 1# - ADDED ENTRY--PERSONAL NAME
Personal name Ward, Charles
700 1# - ADDED ENTRY--PERSONAL NAME
Personal name Palmer, Scarlett
942 ## - ADDED ENTRY ELEMENTS (KOHA)
Suppress in OPAC 0
Holdings
Withdrawn status Lost status Source of classification or shelving scheme Damaged status Not for loan Home library Current library Shelving location Date acquired Total Checkouts Full call number Barcode Date last seen Copy number Price effective from Koha item type
    Dewey Decimal Classification     London London RICS Boxes 15/02/2008   RICS 2001/71 30072645 06/08/2019 1 06/08/2019 Archive